书目信息 |
| 题名: |
人论
|
|
| 作者: | 卡西勒 著 ;李琛 译 | |
| 分册: | ||
| 出版信息: | 北京 光明日报出版社 2009.01 |
|
| 页数: | 222页 | |
| 开本: | 21cm | |
| 丛书名: | 西风译丛 | |
| 单 册: | ||
| 中图分类: | G02 | |
| 科图分类: | ||
| 主题词: | 文化哲学--wen hua zhe xue--概论 | |
| 电子资源: | ||
| ISBN: | 978-7-80206-816-2 | |
| 000 | 00928nam 2200265 450 | |
| 001 | 012009305836 | |
| 005 | 20091125095122.15 | |
| 010 | @a978-7-80206-816-2@dCNY15.00 | |
| 100 | @a20091125d2009 em y0chiy0120 ea | |
| 101 | 1 | @achi@cger |
| 102 | @aCN@b110000 | |
| 105 | @ay z 000yy | |
| 106 | @ar | |
| 200 | 1 | @a人论@Aren lun@f(德) 恩斯特·卡希尔著@F(de)en si te·ka xi er zhu@g李琛译@Gli chen yi |
| 210 | @a北京@c光明日报出版社@d2009.01 | |
| 215 | @a222页@d21cm | |
| 225 | 2 | @a西风译丛@Axi feng yi cong |
| 330 | @a本书作者从哲学的角度解答了“人是什么”的问题,指出人具有创造“理想世界”的能力,人是“符号的动物”,并对诸如神话、宗教、艺术等文化现象作了全面探索。 | |
| 410 | 0 | @12001 @a西风译丛 |
| 606 | 0 | @a文化哲学@Awen hua zhe xue@x概论 |
| 690 | @aG02@v4 | |
| 701 | 1 | @a卡西勒@Aka xi le@g(Cassirer, Ernst)@4著 |
| 702 | 0 | @a李琛@Ali chen@4译 |
| 801 | 0 | @aCN@bQSSK@c20091125 |
| 905 | @b765429-31@dG02@eK113@f3 | |
| 人论/(德) 恩斯特·卡希尔著/李琛译.-北京:光明日报出版社,2009.01 |
| 222页;21cm.-(西风译丛) |
| ISBN 978-7-80206-816-2:CNY15.00 |
| 本书作者从哲学的角度解答了“人是什么”的问题,指出人具有创造“理想世界”的能力,人是“符号的动物”,并对诸如神话、宗教、艺术等文化现象作了全面探索。 |
| ● |
| 相关链接 |
|
|
|
正题名:人论
索取号:G02/K113
 
预约/预借
| 序号 | 登录号 | 条形码 | 馆藏地/架位号 | 状态 | 备注 |
| 1 | 765429 | 207654297 | 社科二线422/409社科库 55排6列3层/ [索取号:G02/K113] | 在馆 | |
| 2 | 765430 | 207654304 | 社科二线422/409社科库 55排6列3层/ [索取号:G02/K113] | 在馆 | |
| 3 | 765431 | 207654313 | 社科库409/409社科库 55排6列3层/ [索取号:G02/K113] | 在馆 |